Αφιέρωμα στην Ολλανδία : στη χώρα των λουλουδίων [αφιέρωμα]
Αποθηκεύτηκε σε:
| Συγγραφή απο Οργανισμό/Αρχή: | |
|---|---|
| Μορφή: | Βιβλίο |
| Γλώσσα: | Greek |
| Δημοσίευση: |
Αθήνα :
Βιβλιοπωλείον της "Εστίας",
1981
|
| Θέματα: | |
| Ετικέτες: |
Προσθήκη ετικέτας
Δεν υπάρχουν, Καταχωρήστε ετικέτα πρώτοι!
|
MARC
| LEADER | 00000cam a2200000 i 4500 | ||
|---|---|---|---|
| 001 | 1/67392 | ||
| 008 | 150218s1981 gre d | ||
| 035 | |l 10121156 | ||
| 040 | |a GR-MY-UA |b gre |e aacr | ||
| 041 | 0 | |a gre | |
| 082 | 0 | |a 949.2 |2 (23) | |
| 245 | 1 | 0 | |a Αφιέρωμα στην Ολλανδία : |b στη χώρα των λουλουδίων [αφιέρωμα] / |c Νέα Εστία |
| 260 | |a Αθήνα : |b Βιβλιοπωλείον της "Εστίας", |c 1981 | ||
| 300 | |a 1369 σ.; |b εικ.; |c 26 εκ. | ||
| 500 | |a Ειδικό αφιέρωμα στην Ολλανδία του περιοδικού Νέα Εστία, στο τεύχος 1302, τόμος εκατοστός δέκατος. | ||
| 651 | 0 | |a Netherlands |x History. | |
| 651 | 0 | |a Netherlands |x Civilization. | |
| 710 | 2 | |a Νέα Εστία. | |
| 852 | |a INST |b SAMOS |c PORFYRIADA |e 20150218 |h 949.2 ΑΦΙ |p 005300041750 |q 005300041750 |t NOLOAN |y 23 | ||
| 901 | |a BIBL3-2015-1 | ||
| 909 | |a Σ |b 191812 | ||
| 970 | |a ΣΙΤΖΙΜΗ |b ΓΙΑΣΕΜΗ |z 2015/02/18 | ||